| 000 | 00421nam a22001577a 4500 | ||
|---|---|---|---|
| 005 | 20260421091349.0 | ||
| 008 | 260421b |||||||| |||| 00| 0 eng d | ||
| 020 | _a0582642477 | ||
| 050 |
_aPR9387.9 _b.O37 |
||
| 100 | _aOKOYE, IFEOMA | ||
| 245 | _aMEN WITHOUT EARS | ||
| 260 |
_aHARLOW ENGLAND _bLONGMAN GROUP LTD. _c1984 |
||
| 300 | _a164p. | ||
| 650 |
_aEnglish Literature _vNigerian literature in English |
||
| 942 | _cBK | ||
| 999 |
_c4661 _d4661 |
||